Niezapomniane Jedenastki #40: Urugwaj 2010 - Statystyki

Ogólne statystyki
  • Ten quiz został rozwiązany 59 razy
  • Średni wynik to 5 z 11
Statystyki odpowiedzi
Pozycja Klub Inicjały Zawodnik % Poprawnych
N Ajax LS Luis Suarez
98%
SPO Atletico DF Diego Forlan
94%
BR Lazio FM Fernando Muslera
87%
N Palermo EC Edinson Cavani
79%
PO Benfica MP Maxi Pereira
44%
ŚP Porto AP Alvaro Pereira
42%
ŚO Fenerbahce DL Diego Lugano
42%
ŚPD Penarol EAR Egidio Arevalo Rios
21%
ŚP Monaco DP Diego Perez
13%
LO Porto JF Jorge Fucile
8%
ŚO Universidad MV Mauricio Victorino
6%
Nie znaleziono quizów pasujących do podanych kryteriów
Rozkład punktacji
Procent ludzi z każdym wynikiem
Percentyl według liczby udzielonych odpowiedzi
Twoja historia wyników
Nie rozwiązałeś tego quizu